| 000 | 00000nam##2200000za#4500 |
| 001 | 9.698193 |
| 003 | CaOODSP |
| 005 | 20210624235823 |
| 007 | cr ||||||||||| |
| 008 | 150407|1997||||xxc|||||o f|0| 0 eng|d |
| 040 | |aCaOODSP|beng |
| 043 | |an-cn--- |
| 086 | 1 |aRH64-116/1997E-PDF |
| 110 | 1 |aCanada.|bHuman Resources Development Canada. |bStrategic Policy. |
| 245 | 10|aEvaluation of survivor benefits and other features of Canada Pension Plan : |h[electronic resource]|bfinal report / |c[by] Evaluation and Data Development. |
| 246 | 1 |iAt head of title : |aPhase III evaluation of survivor benefits and other features of Canada Pension Plan |
| 260 | |aOttawa - Ontario : |bHuman Resources Development Canada. |cMay 1997. |
| 300 | |a71p.|bfigs., tables |
| 590 | |a13-18-Supp|b2013-08-01 |
| 775 | 08|tÉvaluation des prestations de survivant et d'autres éléments du RPC : |w(CaOODSP)9.642187 |
| 856 | 40|ahttp://publications.gc.ca|qPDF|s523 KB|uhttps://publications.gc.ca/collections/collection_2013/rhdcc-hrsdc/RH64-116-1997-eng.pdf |
| 986 | |aSP-AH010E-05-97 |